[Event "SWE-ch"]
[Site "Linkoping"]
[Date "2001.07.08"]
[Round "8"]
[White "Brynell, Stellan"]
[Black "Hector, Jonny"]
[Result "1-0"]
[WhiteElo "2489"]
[BlackElo "2546"]
[Annotator "Donev,I"]
[PlyCount "91"]
[EventDate "2001.06.30"]
[EventType "tourn"]
[EventRounds "13"]
[EventCountry "SWE"]
[EventCategory "8"]
[SourceTitle "CBM 085"]
[Source "ChessBase"]
[SourceDate "2001.11.13"]
[SourceVersion "1"]
[SourceVersionDate "2001.11.13"]
[SourceQuality "1"]

1. e4 e5 2. Nf3 Nc6 3. Bb5 a6 4. Bxc6 dxc6 5. O-O Be7 6. Nxe5 Qd4 7. Qh5 Be6 (
7... g6 8. Nf3 Qxe4 9. Nc3 (9. Qa5 $13) 9... Qf5 10. Qxf5 Bxf5 11. d3 O-O-O $11
) 8. d3 Nf6 {[%cal Yf6h5,Yd4e5][%mdl 64] Man findet selten Partien in der
Abtauschvariante der Spanischen Partie, in denen es so viele taktische
Möglichkeiten gibt.} 9. Nf3 {[%cal Yf3d4,Yf6h5]} Qxe4 10. Qxf7+ {Ein
unüblicher Damentausch!} (10. dxe4 Nxh5 11. Rd1 Bg4 12. Nc3 (12. Nbd2 O-O-O 13.
Re1 $11) 12... Bxf3 13. gxf3 O-O $11 (13... Bd6 {[%csl Yf4][%cal Yd6f4,Yh5f4]}
14. e5 Be7)) 10... Bxf7 11. dxe4 Nxe4 {Jetzt ist die Stellung offen geworden,
was günstig für das schwarze Läuferpaar ist!} 12. Re1 Bg6 13. Nbd2 Nf6 14. Nc4
$6 ({Hier konnte der Anziehende Vorteil bekommen.} 14. c4 $142 {/\ Nb3; zum
einen geht der Bauer weg von dem Läuferangriff, zum anderen kontrolliert er
das Zentralfeld d5!} Rd8 15. Nb3 $1 (15. b3 Kf8 16. Bb2 Bb4 17. Re2 Bd3 $13)
15... Be4 (15... Ne4 16. Ne5 $16 {[%cal Ye5g6]}) 16. Ng5 Bb4 17. Bf4 $16) 14...
Bxc2 15. Nd4 Bd3 16. Ne5 Be4 17. Ne6 $6 (17. Bg5 $142 $5 {[%cal Yg5f6,Ye1e4]}
O-O-O (17... Bb4 18. Bxf6 $1 gxf6 19. Rxe4 fxe5 20. Nxc6 $1 bxc6 21. Rxb4 $16 {
Wegen der vereinzelten schwarzen Bauern (4 Bauerninseln!) ist das Endspiel
sehr schwer für den Nachziehenden.}) 18. Ne6 Rd6 19. Nf7 Rxe6 20. Nxh8 $14)
17... Bd6 18. Bf4 {Hier könnte der Anziehende wieder in ein Endspiel mit
kleinem, aber sicheren Vorteil abwickeln:} (18. Nxg7+ $142 Kf8 (18... Ke7 19.
Bg5 Bxe5 20. Rxe4 Kf7 21. Rxe5 Kxg7 22. Re7+ $16) 19. Ne6+ Ke7 {[%cal Ye7e6,
Yd6e5]} 20. Ng5 {[%cal Yg5e4]} Bxe5 21. Nxe4 Rhe8 22. Bg5 Kf7 23. Nxf6 Bxf6 24.
Bxf6 Kxf6 25. Kf1 $14) 18... Ke7 19. Ng5 Bxe5 20. Bxe5 Bd5 21. Bxc7+ Kd7 22.
Bb6 Rae8 {/\Re1 nebst Ba2} 23. a3 h6 {Jetzt hat Schwarz endlich die Stellung
voll ausgeglichen. Es bleibt nur die beiden Türme abzutauschen und die
ungleichfarbigen Läufer garantieren remis.} (23... Rxe1+ 24. Rxe1 Re8 25. Rxe8
Kxe8 26. Bd4 Ke7 {Mit einfacher Remisstellung.}) 24. Nh3 g5 25. Bd4 Rhf8 26.
Rxe8 Nxe8 27. f3 Nc7 $6 (27... Nd6 $1 28. Re1 (28. Bg7 Rg8 29. Bxh6 Nf7 $17 {
[%cal Yf7g5,Yf7h6] Der Schlüsselzug.}) 28... Re8 $11) 28. Re1 (28. Bg7 Rg8 29.
Bxh6 Ne6 {[%cal Yg8g6]} 30. Nf2 Ke7 31. Ng4 Kf7 32. Kf2 $14 {/\h4,Rh1}) 28...
Ne6 29. Bc3 {Es ist merkwürdig, wie in dieser auf den ersten Blick einfache
Stellung der Anziehende seinen minimalen Vorteil in einen ganzen Punkt
umwandelt.} c5 (29... Nf4 30. Nf2 h5 $14 (30... Re8 31. Rxe8 Kxe8 32. Be5 $14 {
[%cal Ye5f4,Yf2g4]})) 30. Nf2 h5 31. Ne4 {[%cal Ye4f6]} Bxe4 32. Rxe4 $14 {
Jetzt steht Weiß besser. Sein Läufer ist stärker als der schwarze Springer, da
auch die weiße Bauernstruktur besser ist.} b5 33. Kf2 $14 h4 $2 (33... Rf5 $142
{[%cal Yf5d5]}) 34. g3 hxg3+ 35. hxg3 Rf7 36. Ke3 Rh7 37. Rg4 Rh2 38. f4 {
[%mdl 4096] Das Spiel ist praktisch auf ein Tor. Der weiße Freibauer,
unterstützt von allen weißen Figuren läuft unaufhaltbar. Im Gegensatz dazu ist
die schwarze Bauernmehrheit am Damenflügel nicht spürbar. Hier sieht man
deutlich, welche wichtige Rolle der Läufer beim Spiel auf 2 Flügeln spielt!}
gxf4+ 39. gxf4 Rh5 40. Ke4 Ke7 41. f5 Ng5+ 42. Kd5 Ne6 43. Ke5 Kf7 44. Rg6 Ng7
45. Rxa6 Nxf5 46. Rf6+ 1-0

[Event "SUI-chT"]
[Site "Switzerland"]
[Date "1998.06.28"]
[Round "4.6"]
[White "Donev, Ivo Hristov"]
[Black "Almada, Enrique"]
[Result "1-0"]
[WhiteElo "2420"]
[BlackElo "2320"]
[Annotator "Donev,I"]
[PlyCount "89"]
[EventDate "1998.03.29"]
[EventType "team-tourn"]
[EventRounds "9"]
[EventCountry "SUI"]
[SourceTitle "EXT 2006"]
[Source "ChessBase"]
[SourceDate "2005.11.24"]
[SourceVersion "1"]
[SourceVersionDate "2005.11.24"]
[SourceQuality "1"]

{[%mdl 4096]} 1. e4 e5 2. Nf3 Nc6 3. Bb5 a6 4. Bxc6 dxc6 5. Nc3 Bg4 6. h3 Bxf3
7. Qxf3 Nf6 8. d3 h6 {vermeidet Bg5.} 9. Be3 Bd6 10. d4 {Es ist für Weiß
günstig, den weißen d-Bauern für den schwarzen e5-Bauern zu tauschen, weil
Weiß auf diese Weise eine Bauernmehrheit (4 gegen 3) am Königsflügel bekommt.
Außerdem ist hier wichtig zu bemerken, dass der Nachziehende kein Läuferpaar
besitzt.} (10. Qg3 g6 11. O-O Qe7 $11 {/\0-0-0}) 10... Qe7 11. O-O-O O-O-O 12.
Rd3 {Weiß bereitet die Turmverdoppelung auf d-Linie vor.} c5 $1 {Eine echte
Überraschung. Mit diesem Zug habe ich überhaupt nicht gerechnet. Jetzt muss
ich mich sofort entscheiden, wohin mit dem d-Bauern?} 13. dxc5 (13. dxe5 Bxe5
14. Nd5 (14. Qf5+ Kb8 15. Rhd1 Rxd3 16. cxd3 Rd8 $11 (16... Bxc3 17. bxc3 c4
18. Bc5 $14)) 14... Nxd5 15. Rxd5 Rxd5 16. exd5 Kb8 $11) 13... Bxc5 14. Qf5+
Kb8 15. Bxc5 Qxc5 16. Rhd1 Rxd3 17. Rxd3 {[%csl Gf5][%cal Yd4d8] Immer noch
hat der Anziehende einen leichten Vorteil: a) Beherrschung der einzigen
offenen Linie b) Besser platzierte Dame Aber bei genauem Spiel muss Schwarz
die Stellung ausgleichen können.} c6 18. g3 (18. f4 Qg1+ 19. Nd1 Qxg2 20. Qxe5+
Ka8 $15) 18... Re8 19. a3 Qc4 20. f4 Qe6 (20... exf4 21. e5 $1 (21. gxf4 Nxe4
22. Nxe4 Rxe4 $19) 21... Nd5 (21... Ng8 22. Qd7 Rc8 23. Qd6+ Ka8 24. b3 $1 Qe6
25. gxf4 $14) 22. Qxf7 Rxe5 23. Qf8+ Ka7 24. b3 $3 $18) 21. Qxe6 Rxe6 (21...
fxe6 22. fxe5 Nh5 23. Ne2 $18) 22. Rd8+ Kc7 23. Rf8 {Nach dem Damentausch hat
der Nachziehende die Stellung ausgeglichen, aber jetzt ist der weiße Turm
aggressiv geworden.} Re7 (23... exf4 24. Rxf7+ Kb6 25. Na4+ Ka7 26. gxf4 Nxe4
27. Rxg7 $16) 24. Kd2 (24. fxe5 Nd7 $1 25. Rg8 g6 $15) 24... Nh5 25. Ke3 $1
Nxg3 26. fxe5 Nh5 27. Ne2 $1 Kd7 28. Nd4 $1 $14 Rxe5 29. Rxf7+ Re7 30. Rf5 $1 (
{Weiß darf auf keinen Fall die Türme tauschen!} 30. Rxe7+ Kxe7 31. e5 g5 $11)
30... Nf6 $6 (30... Ng3 31. Rf4 g5 32. Rg4 Nh5 33. Nf5 Re6 34. Rg1 Nf6 35. Rd1+
Kc7 $11) 31. e5 c5 32. Nf3 Nd5+ (32... Ke6 33. exf6 Kxf5+ 34. fxe7 $18) 33. Ke4
Ke6 34. Rf8 (34. Nh4 $5 $16) 34... Nb6 35. b4 Nd7 36. Rc8 cxb4 37. axb4 (37.
Nd4+ Kf7 38. e6+ Kf6 39. axb4 g6 $16) 37... Kf7 38. c4 Nf8 $6 {In der
Zeitnotphase macht der Nachziehende noch eine Ungenauigkeit, dadurch bekommt
Weiß einen deutlichen Vorteil.} (38... Nb6 $142 39. Rc5 Nd7 40. Ra5 $8 g6 41.
Ra1 $14) 39. Nd4 $1 $16 Ne6 40. Nf5 Ng5+ (40... Rd7 41. Nd6+ Kg6 42. Rb8 $18)
41. Kd5 Rd7+ 42. Nd6+ Kg6 43. h4 $18 {Die weißen Figuren dominieren auf dem
gesamten Brett. Es ist nicht überraschend, dass bald der schwarze Turm und
Springer keine freien Felder mehr haben.} Nf7 (43... Nf3 44. Ke6 $1 $18 {
Der schwarze Turm ist gefangen.}) 44. c5 Re7 45. e6 {Der schwarze Springer hat
kein Abzugsfeld.} (45. e6 Nxd6 46. cxd6 $18 {und wieder ist der schwarze Turm
im weißen Netz gefangen.}) 1-0

[Event "Bundesliga 9697"]
[Site "Germany"]
[Date "1997.??.??"]
[Round "?.5"]
[White "Donev, Ivo Hristov"]
[Black "Kachiani Gersinska, Ketino"]
[Result "0-1"]
[WhiteElo "2420"]
[BlackElo "2375"]
[Annotator "Donev,I"]
[PlyCount "75"]
[EventDate "1996.10.12"]
[EventType "team-tourn"]
[EventRounds "15"]
[EventCountry "GER"]
[SourceTitle "GER-chT"]
[Source "ChessBase"]
[SourceDate "1999.07.01"]
[SourceVersion "1"]
[SourceVersionDate "1999.07.01"]
[SourceQuality "1"]
[WhiteTeam "Eppingen"]
[BlackTeam "St Ingbert"]
[WhiteTeamCountry "GER"]
[BlackTeamCountry "GER"]

1. e4 {Dautov} e5 2. Nf3 Nc6 3. Bb5 a6 4. Bxc6 dxc6 5. Nc3 f6 6. d4 exd4 7.
Nxd4 c5 8. Nde2 Qxd1+ 9. Nxd1 Be6 10. Bf4 O-O-O 11. Ne3 Ne7 12. h4 Nc6 13. Rd1
Be7 {21Minuten} 14. f3 $14 c4 (14... Nd4 15. b3 $10 (15. c3 $2 Nxe2 16. Kxe2
Bxa2 17. Rxd8+ Rxd8 18. c4 Rd4 $17)) 15. c3 $6 {Über diesen Zug habe ich 66
Minuten nachgedacht !} (15. Kf2 Bc5 16. a3 $10 (16. c3 Ne5)) (15. Nc3 Bb4 16.
Kf2 (16. Ke2 Nd4+ 17. Kf2 Bxc3 18. bxc3 Nb5 $19) 16... Bxc3 (16... Nd4 17. Ncd5
$16) 17. bxc3 Rxd1 18. Rxd1 Rd8 19. Rxd8+ Kxd8 $1 $10) (15. a3 $142 Bc5 16. Nc3
Nd4 $10) (15. h5 Bc5 16. a3 $2 b5 (16... Rxd1+ 17. Kxd1 Rd8+ 18. Kc1 Nd4 19.
Nxd4 Bxd4 20. c3 Bc5 21. Rd1 $14)) 15... Bc5 16. Nc2 Rxd1+ 17. Kxd1 Ne5 18. Be3
(18. Ncd4 Bf7 19. Kc2 Nd3 (19... g6 20. Be3 Bd6 (20... Nd3 21. Nc1) 21. Nf4 $10
) 20. Be3 $13) (18. Ned4 Bf7 19. Bxe5 fxe5 20. Nf5 g6 21. Nfe3 b5 22. Ke2 h5
23. Rd1 Be7 24. g3 c6 25. Ne1 Be6 26. N1g2 $14) 18... Rd8+ 19. Kc1 Nd3+ 20. Kb1
Bd6 21. Rd1 $2 (21. h5 $142 Re8 22. g4 Ne5 23. Ned4 (23. Ne1 Nxf3 $3 24. Nxf3
Bxg4 25. Neg1 Rxe4 $17) 23... Bd7 24. Rf1 g6 25. hxg6 hxg6 $10) 21... Re8 22.
Ne1 (22. Nc1 f5 $1 23. Nxd3 cxd3 24. Rxd3 fxe4 25. fxe4 Bf7 $15) (22. Ned4 Bd7
23. g4 g6 $15) (22. g4 g6 23. Nc1 f5 24. exf5 gxf5 25. g5 f4 $1 26. Bd2 Bf5 $17
) (22. b3 f5 $17) 22... f5 $1 $15 23. Nxd3 cxd3 24. Nd4 fxe4 25. fxe4 Bg4 26.
Rxd3 Rxe4 $17 27. Bf2 Bf4 28. b4 (28. g3 Be5 29. b4 b6) 28... b6 29. Bg3 c5 30.
bxc5 bxc5 31. Bxf4 Rxf4 32. Nc2 (32. Nc6) 32... Rf1+ 33. Kb2 Rf2 34. c4 $2 (34.
Kc1 $142 Rxg2 35. Rd5) 34... Bf5 35. Rc3 Rxg2 36. Kb3 Rxc2 37. Rxc2 Bxc2+ 38.
Kxc2 0-1

[Event "Olympiad-34"]
[Site "Istanbul"]
[Date "2000.11.02"]
[Round "6.2"]
[White "Solak, Dragan"]
[Black "Hector, Jonny"]
[Result "1/2-1/2"]
[WhiteElo "2490"]
[BlackElo "2509"]
[Annotator "Donev,I"]
[PlyCount "79"]
[EventDate "2000.10.28"]
[EventType "team-swiss"]
[EventRounds "14"]
[EventCountry "TUR"]
[SourceTitle "EXT 2001"]
[Source "ChessBase"]
[SourceDate "2000.11.22"]
[SourceVersion "1"]
[SourceVersionDate "2000.11.22"]
[SourceQuality "1"]
[WhiteTeam "Yugoslavia"]
[BlackTeam "Sweden"]
[WhiteTeamCountry "YUG"]
[BlackTeamCountry "SWE"]

1. e4 e5 2. Nf3 Nc6 3. Bb5 a6 4. Bxc6 dxc6 5. Nc3 Qd6 6. d4 exd4 7. Qxd4 (7.
Nxd4 c5 8. Nde2 Qxd1+ 9. Nxd1 {Dies führt zur Hauptvariante mit einem
Mehrtempo für Weiß.}) 7... Bg4 8. Qe3 ({Eine unbekannte Partie aus der Praxis
des Kommentators.} 8. Be3 Bxf3 9. gxf3 Qxd4 10. Bxd4 O-O-O (10... f6 11. O-O-O
Bd6 12. h4 h5 13. e5 fxe5 14. Bxe5 O-O-O 15. Bxg7 Rh7 16. Rhg1 Be7 17. Rxd8+
Bxd8 18. Ne4 Bxh4 19. Be5 Nh6 20. Bf6 Bxf6 21. Nxf6 Rh8 22. Nxh5 Nf5 23. Rg5
Nd4 24. f4 Rf8 25. Re5 Kd7 26. c3 Nf3 27. Re3 Nh4 28. Re4 Ng6 29. Kd2 Rf5 30.
Ng3 Rxf4 31. Ke3 Rf7 32. f4 Ne7 33. c4 c5 34. Re5 b6 35. Ke4 Nc8 36. Nf5 Rh7
37. Rd5+ Nd6+ 38. Nxd6 cxd6 39. Rd2 b5 40. b3 Rh3 41. Kd5 {1/2-1/2 Perovic,
D-Lalic,B/Pula 1991/TD (41)}) 11. Rd1 Ne7 12. f4 Ng6 13. f5 c5 14. Be3 Rxd1+
15. Kxd1 Ne5 16. Ke2 Nc4 17. Bc1 Bd6 18. f4 Re8 19. Kf3 f6 20. b3 Na5 21. Rg1
Bf8 22. Nd5 Nc6 23. c3 Nd8 24. c4 Nf7 25. Bb2 Nd6 26. Bxf6 gxf6 27. Nxf6 Rd8
28. Nxh7 b5 29. f6 bxc4 30. bxc4 Bh6 31. e5 Nxc4 32. Rg6 Rd3+ 33. Kg4 Ne3+ 34.
Kh5 Bxf4 35. f7 Rd8 36. Rg8 {1-0 Donev,I-Sharipov,S/Pravez (Kategorie IV) 1989
(36)}) 8... g6 $146 {Die Idee dieses neuen Zug besteht im Abtausch des
schwarzfarbigen Läufers.} (8... f6 9. h3 Bd7 10. O-O c5 11. e5 Qe6 12. Ne4 b6
13. Re1 O-O-O 14. Qa3 Kb7 15. exf6 gxf6 16. Nxf6 Qxf6 17. Bg5 Qg7 18. Bxd8 {
1-0 Govedarica,R-Kurcubic,A/JUG-chT2 1994/EXT 97 (18)}) 9. h3 Bh6 10. Qe2 Bxc1
11. Rxc1 Qf4 12. Qd2 $1 Qxd2+ 13. Nxd2 Be6 {Die Eröffnung ist vorbei. Auf dem
Brett steht ein für die Abtauschvariante der Spanischen Partie typisches
Mittelspiel. Weiss hat die Bauernmehrheit am Königsflügel, Schwarz am
Damenflügel, aber die Qualität der schwarzen Damenbauern ist wegen des
doppelten c-Bauern vermindert. Also, falls der Anziehende alle Figuren
abtauschen kann, so wird er in einem reinen Bauernendspiel grossen Vorteil
bekommen.} 14. Nf3 ({Ich denke dass Weiss nach:} 14. f4 O-O-O 15. Nf3 $14 {
mehr aktiv als in der Partie steht.}) 14... O-O-O 15. Rd1 Nf6 16. Rxd8+ (16.
Ke2 Bc4+ 17. Ke3 Rhe8 18. Rxd8+ Kxd8 19. Rd1+ Kc8 20. Kf4 $14) 16... Rxd8 17.
Ke2 b5 {Der Plan des Nachziehenden ist klar. Er versucht durch den
Damenbauernvorstoß mehr Raum und Gegenspiel am Damenflügel zu bekommen.
Dasselbe macht selbstverständlich der Anziehende am Königsflügel, wo er einen
Bauern mehr hat.} 18. a3 c5 19. Ke3 Re8 20. Nd2 Kb7 21. f3 Nd7 22. Ne2 Nb6 23.
g4 c4 24. h4 c5 25. g5 a5 26. Nf4 b4 27. h5 Kc6 28. hxg6 hxg6 29. Rh7 (29. c3
$5) 29... c3 $1 30. bxc3 bxc3 (30... bxa3 31. Nxe6 fxe6 32. Rh1 $11 {/\Ra1})
31. Nb1 ({Natürlich} 31. Nxe6 $2 {geht nicht} cxd2 32. Kxd2 Rxe6 $19) 31... Na4
32. Ne2 Nb2 33. Nexc3 (33. Nbxc3 Nc4+ 34. Kd3 Rd8+ 35. Nd5 Nb2+ (35... Bxd5 $4
36. exd5+ Kxd5 37. Nc3+ Kc6+ 38. Kxc4 $18) (35... Nxa3 36. c4 Rb8 37. Rh1 $14)
36. Kc3 Nd1+ 37. Kd2 Bxd5 38. exd5+ Rxd5+ 39. Kc1 Rd7 $11) 33... Nc4+ 34. Ke2
Rb8 {Für den geopferten Bauern hat der Nachziehende genug Kompensation, alle
seine Figuren sind sehr aktiv platziert.} 35. Rh2 Rb2 36. Kd1 Kd6 37. f4 Rb8
38. Ke2 Kc6 39. a4 Rb4 40. Nd2 1/2-1/2

[Event "Hoogovens-B"]
[Site "Wijk aan Zee"]
[Date "1999.01.23"]
[Round "4"]
[White "Glek, Igor Vladimirovich"]
[Black "Van den Doel, Erik"]
[Result "1-0"]
[WhiteElo "2566"]
[BlackElo "2547"]
[Annotator "Donev,I"]
[PlyCount "105"]
[EventDate "1999.01.19"]
[EventType "tourn"]
[EventRounds "11"]
[EventCountry "NED"]
[EventCategory "11"]
[SourceTitle "CBM 069"]
[Source "ChessBase"]
[SourceDate "1999.04.01"]
[SourceVersion "1"]
[SourceVersionDate "1999.04.01"]
[SourceQuality "1"]

1. e4 {Hecht} e5 2. Nf3 Nc6 3. Bb5 a6 4. Bxc6 dxc6 5. O-O Bg4 6. h3 h5 7. d3
Qf6 8. Nbd2 Ne7 9. Nc4 Bxf3 10. Qxf3 Qxf3 11. gxf3 Ng6 12. Be3 f6 13. Rfd1 (13.
Kh1 O-O-O 14. a4 Rh7 15. Rg1 Nh4 16. f4 exf4 17. Bxf4 g5 18. Be3 Nf3 19. Rg3 g4
20. Kg2 b5 21. Na5 Bd6 {0-1 Kleeschaetzky,R-Hein,C/Ilmenau 1981/MCD (36)}) (13.
Rad1 O-O-O 14. Kh1 Rh7 15. Rg1 Nh4 16. f4 exf4 17. Bxf4 Nf3 18. Rgf1 g5 19. Be3
f5 20. Nd2 Nxd2 21. Bxd2 fxe4 22. Bxg5 Rd5 23. Bh4 exd3 24. Rxd3 Be7 25. Bg3
Bf6 26. Rf3 Be7 27. Re1 h4 28. Be5 Rd2 {1/2-1/2 Myo Zaw Min-Sadikin,I/Genting
Highlands 1998/CBM 63 ext (55)}) 13... Nh4 14. f4 exf4 15. Bxf4 O-O-O 16. Bg3
Ng6 17. Kh1 (17. f4 Bc5+ 18. Kh1 h4 19. Bh2) 17... Bc5 18. Rg1 Nf8 19. Rg2 g5
20. f4 g4 $6 {Wie wir später sehen werden, wird der Bauer g4 ein
abgeschnittener schwacher Bauer.} (20... Ne6 $142 21. fxg5 fxg5 22. Bf2 Bxf2
23. Rxf2 Rdf8 24. Raf1 Rxf2 25. Rxf2 Rf8 $13) 21. hxg4 hxg4+ 22. Rh2 Ne6 23.
Rxh8 Rxh8+ 24. Kg2 b5 25. f5 $1 {Jetzt ist der Bauer g4 voll abgeschnitten.
Der Anziehende möchte natürlich alle Figuren tauschen, dies würde zu einem
gewonnenen Bauernendspiel führen.} Ng5 (25... bxc4 $142 $1 26. fxe6 cxd3 (26...
Re8 27. Rf1 Rxe6 28. Rf4 cxd3 29. cxd3 Bd4 (29... Rd6 30. Rf5 $16 {[%cal Yf5c5,
Ye5d6,Yg3d6]}) (29... Bd6 30. Rxg4 Be5 31. Bxe5 fxe5 32. Kf3 $14) 30. b3 Be5
31. Rxg4 Rd6 32. Bxe5 fxe5 33. Rg3 $14 {/\Kf2-Ke3}) 27. cxd3 Bd4 28. Rc1 c5 (
28... Kb7 29. Rc4 c5 30. b4 $14) 29. b4 Re8 30. bxc5 Rxe6 31. Rc4 $14) 26. Na5
Kd7 27. Rh1 Rxh1 28. Kxh1 {[%mdl 4096]} Nf3 29. Kg2 Nd4 $2 {Nach diesem Fehler,
der den Abtausch des weißen Läufers für den schwarzen Springer zulässt,
bekommt der Anziehende einen klaren positionellen Vorteil.} (29... Bb6 $142 $1
30. Nb3 a5 31. Bf2 Kd6 $13) (29... Bd6 30. Bxd6 cxd6 31. Kg3 Ne1 32. Kxg4 Nxc2
33. Kh5 Ne3 (33... Ne1 34. d4 Nc2 35. Kg6 Nxd4 36. Kxf6) 34. Kg6 Ng4 $14) 30.
Bf2 $1 Bb6 31. Bxd4 $1 Bxd4 $16 {Es ist ein Leichtes festzustellen, warum Weiß
besser steht: a) Der Springer ist besser als der Läufer b) Die weiße
Bauernstruktur ist kompakter - die schwarze Bauern Struktur ist zerrissen (3
schwarze ,,Inseln,, in Vergleich nur 1 Weiße) außerdem sind die Bauern g4, f6,
c6 + c7 besonders schwach.} 32. c3 Be3 33. Nb3 a5 (33... c5 34. Kg3 $16) 34. d4
$1 {Befestigt die Kontrolle über das schwache Feld c5.} (34. Nxa5 Bc1 35. b3
Bd2) 34... a4 35. Nc5+ Ke7 36. a3 $18 Bf4 37. Nd3 Bd6 $6 {Macht das Ende
schneller. Aber es müssen auch die anderen Läuferabzüge verlieren.} (37... Bh6
38. Kg3 $18) 38. e5 fxe5 39. dxe5 Bxe5 40. Nxe5 {Der Rest ist reine Technik.}
Kf6 41. Nxc6 {Hecht: 'Glek wählt die taktische Lösung, die wegen der
Mattwendung am Ende gefälliger wirkt. '} (41. Nxg4+ {Hecht} Kxf5 42. Kf3 Ke6
43. Ke4 Kd6 44. Kd4 c5+ 45. Ke4 Ke6 46. Ne5 Kd6 47. c4 $18 {wäre der klare
technische Gewinn.}) 41... Kxf5 42. Nd4+ Ke4 43. Nxb5 c6 44. Na7 Kd5 45. Kg3 (
45. Nxc6 $2 {Hecht} Kxc6 46. Kg3 Kd5 47. Kxg4 Kc4 48. Kf4 Kb3 49. Ke3 Kxb2 50.
Kd3 Kxa3 51. Kc2 Ka2 52. c4 a3 53. c5 Ka1 54. c6 a2 $11) 45... Kc4 46. Nxc6 Kb3
47. Nd4+ Kxb2 48. c4 Kxa3 49. c5 Kb2 (49... Kb4 {Hecht führt zum taktischen
Motiv Springergabel} 50. c6 a3 51. c7 a2 52. c8=Q a1=Q 53. Nc2+ $18) 50. c6 {
Hecht: 'wieder eleganter'} (50. Nb5 $18 {Hecht: gewinnt profan}) 50... a3 51.
c7 a2 52. c8=Q (52. Nc2 {Hecht} Kxc2 53. c8=Q+ Kb2 54. Qb8+ Kc2 55. Qe5 Kb1 56.
Qe1+ Kb2 57. Qb4+ Kc2 58. Qa3 Kb1 59. Qb3+ Ka1 60. Kf4 g3 61. Qc2 g2 62. Qc1# {
kann auch gefallen, obwohl es länger dauert.}) 52... a1=Q 53. Qc2+ {Nebst Matt.
} 1-0